| 000 | 01150nam a2200277 u 4500 | ||
|---|---|---|---|
| 001 | 000486803 | ||
| 003 | AM-YeHGA | ||
| 005 | 20250617134256.0 | ||
| 008 | 060504s2006 ne |||||r|||||000|0|eng|d | ||
| 020 | _a1402036957(HB) | ||
| 020 | _a1402036965(PB) | ||
| 040 | _aAM-YeHGA | ||
| 041 | 0 | _aeng | |
| 245 | 0 | 0 |
_aEnviromental UV Radiation: Impact on ecosystems and human health and predictive models / _cEd. by Francesco Ghetti, Giovanni Checcucci, Janet F. Bornman. |
| 260 |
_aDordrecht, The Netherlands : _bSpringer, _c2006. |
||
| 300 |
_aviii, 288 p. : _bill. |
||
| 440 | 0 |
_aNATO Science Series _nIV : _pEarth and Environmental Sciences _vVol. 57 |
|
| 500 | _aProceedings of the NATO Advanced Study Institute on Enviromental UV Radiation: Impact on Ecosystems and Human Health and Predictive Models, Pisa, Italy, June 2001 | ||
| 504 | _aIncludes bibliogr. references | ||
| 650 | 1 | 4 |
_aUltraviolet radiation _xEnvironmental aspects |
| 700 | 1 |
_aFrancesco Ghetti _4edt |
|
| 700 | 1 |
_aCheccucci, Giovanni _4edt |
|
| 700 | 1 |
_aBornman, Janet F. _4edt |
|
| 710 | 2 |
_aNorth Atlantic Treaty Organization _bScientific Affairs Division |
|
| 090 | _c180571 | ||
| 999 |
_c179123 _d179123 |
||